000 00235nam a2200097Ia 4500
001 684980
005 20250826161508.0
008 250824s9999 xx 000 0 und d
245 0 _aHAYAT/A.KULİN/EVEREST
_cAYŞE KULİN
260 _bEVEREST
999 _c684980
_d684980